Loading...
| Fine Arts - Classical Music | 0 | 4 | 1 | 1 | 35 | 74 | 94.00 | 0 | 1 | 0.00 | 0.00 |
| History - World | 0 | 2 | 0 | 2 | 20 | 118 | 127.50 | 0 | 0 | 0.00 | 0.00 |
| Fine Arts - Painting and Sculpture | 0 | 2 | 0 | 1 | 20 | 96 | 113.50 | 0 | 0 | 0.00 | 0.00 |
| Social Science | 0 | 2 | 1 | 0 | 15 | 90 | 103.50 | 0 | 0 | 0.00 | 0.00 |
| Religion | 0 | 2 | 1 | 1 | 15 | 81 | 107.50 | 0 | 0 | 0.00 | 0.00 |
| History - American | 0 | 1 | 0 | 0 | 10 | 33 | 33.00 | 0 | 0 | 0.00 | 0.00 |
| History - Other | 0 | 1 | 0 | 0 | 10 | 119 | 119.00 | 0 | 0 | 0.00 | 0.00 |
| Popular Culture | 0 | 1 | 0 | 0 | 10 | 106 | 106.00 | 0 | 0 | 0.00 | 0.00 |
| Fine Arts - Other | 0 | 1 | 0 | 0 | 10 | 73 | 73.00 | 0 | 1 | 0.00 | 0.00 |
| Science - Chemistry | 0 | 1 | 0 | 0 | 10 | 90 | 90.00 | 0 | 0 | 0.00 | 0.00 |
| Science - Biology | 0 | 1 | 1 | 0 | 5 | 91 | 91.00 | 0 | 0 | 0.00 | 0.00 |
| History - European | 0 | 1 | 1 | 1 | 5 | 94 | 94.00 | 0 | 0 | 0.00 | 0.00 |
| Science - Other | 0 | 0 | 0 | 0 | 0 | 0.00 | 0 | 0 | 0.00 | 0.00 | |
| Science - Physics | 0 | 0 | 1 | 0 | -5 | 0.00 | 0 | 0 | 0.00 | 0.00 | |
| Literature - British | 0 | 0 | 1 | 0 | -5 | 0.00 | 0 | 0 | 0.00 | 0.00 | |
| Geography | 0 | 0 | 2 | 0 | -10 | 0.00 | 0 | 0 | 0.00 | 0.00 |